Jump Between All World Capitals: Closest Pair Across the Equator - Statistics

General Stats
  • This quiz has been taken 755 times
  • The average score is 77 of 196
Answer Stats
Capital City % Correct
Kampala . T
97%
Kigali . Y
95%
Quito . B
86%
Bogota . L
84%
Yaren . Q
84%
Tarawa . B
82%
Nairobi . J
81%
Brazzaville . N
80%
Kinshasa . L
80%
Jakarta . K
79%
Juba . S
79%
Libreville . J
79%
Luanda . V
79%
Yaounde . S
79%
Sao Tome . M
78%
Singapore . Y
77%
Victoria . B
76%
Mogadishu . B
75%
Dodoma . H
74%
Bangui . A
73%
Bujumbura . D
73%
Addis Ababa . P
72%
Dili . F
72%
Honiara . D
72%
Funafuti . P
71%
Palikir . B
71%
Port Moresby . L
71%
Lima . B
70%
Bandar Seri Begawan . M
69%
Majuro . M
69%
Brasilia . M
68%
Panama City . P
66%
Paramaribo . D
66%
Djibouti . G
65%
Melekeok . P
65%
Sucre . L
65%
Lusaka . P
64%
Moroni . S
64%
Georgetown . M
63%
Harare . A
60%
Malabo . M
60%
Windhoek . H
60%
Khartoum . P
59%
Lilongwe . W
59%
Port Louis . L
59%
Porto-Novo . N
59%
Antananarivo . A
58%
Male . K
58%
N'Djamena . S
58%
Asuncion . G
56%
Sana'a . P
56%
Abuja . L
55%
Accra . C
55%
Gaborone . P
55%
Lome . A
55%
Pretoria . M
55%
Santiago . B
55%
Buenos Aires . M
54%
Maputo . M
54%
Maseru . S
54%
Port-of-Spain . A
54%
Wellington . N
54%
Asmara . A
53%
Canberra . P
53%
Caracas . S
53%
Montevideo . M
53%
Port-Vila . S
52%
Apia . W
51%
Manila . T
51%
Mbabane . C
51%
Suva . A
51%
Yamoussoukro . M
51%
Bridgetown . Y
50%
Nuku'alofa . H
49%
Saint George's . B
48%
Taipei . S
48%
Tokyo . T
47%
Seoul . K
46%
Kuala Lumpur . P
45%
Pyongyang . N
41%
Havana . N
36%
Nouakchott . B
36%
Nassau . D
35%
Rabat . K
35%
Bangkok . P
34%
Dhaka . T
34%
Naypyidaw . V
34%
Thimphu . R
34%
Vientiane . N
34%
Washington . B
34%
Kathmandu . W
33%
Port-au-Prince . H
33%
Beijing . N
32%
Hanoi . C
32%
Algiers . L
31%
Tripoli . A
31%
Lisbon . O
30%
Dakar . S
29%
New Delhi . T
29%
Niamey . O
29%
Ottawa . M
29%
Ouagadougou . D
29%
Colombo . N
28%
Madrid . A
28%
Santo Domingo . B
28%
Tunis . U
28%
Ulaanbaatar . V
28%
Andorra la Vella . T
27%
Freetown . M
27%
Rome . R
27%
Valletta . M
27%
Vatican City . R
27%
Banjul . B
26%
Conakry . P
26%
Monrovia . S
26%
Bamako . B
25%
Kingstown . K
25%
Monaco . V
25%
Phnom Penh . C
25%
Praia . F
25%
Reykjavik . D
25%
Basseterre . R
24%
Bissau . P
24%
Brussels . A
24%
Castries . K
24%
Dublin . L
24%
Kingston . B
24%
London . P
24%
Oslo . L
24%
Paris . B
24%
Roseau . C
24%
Saint John's . B
24%
Amsterdam . O
23%
Belmopan . T
23%
Bern . C
23%
Guatemala City . S
23%
Luxembourg . B
23%
Managua . G
23%
San Jose . M
23%
San Salvador . T
23%
Tegucigalpa . M
23%
Berlin . P
22%
Copenhagen . V
21%
Mexico City . S
21%
Vaduz . S
21%
Stockholm . B
20%
Dushanbe . Y
19%
Ankara . N
18%
Athens . A
18%
Beirut . D
18%
Damascus . C
18%
Jerusalem . A
18%
Nicosia . T
18%
Riyadh . M
18%
Tbilisi . D
18%
Tehran . A
18%
Yerevan . B
18%
Amman . B
17%
Astana . K
17%
Baghdad . T
17%
Baku . J
17%
Bucharest . S
17%
Chisinau . A
17%
Doha . K
17%
Manama . D
17%
Sofia . C
17%
Tashkent . A
17%
Ashgabat . K
16%
Belgrade . S
16%
Bishkek . S
16%
Cairo . B
16%
Kabul . A
16%
Kiev . P
16%
Kuwait City . R
16%
Minsk . V
16%
Podgorica . B
16%
Pristina . B
16%
Riga . B
16%
Sarajevo . M
16%
Skopje . B
16%
Tirana . T
16%
Vienna . T
16%
Vilnius . R
16%
Budapest . Z
15%
Helsinki . P
15%
Tallinn . S
15%
Abu Dhabi . I
14%
Bratislava . L
14%
Islamabad . M
14%
Moscow . B
14%
Warsaw . V
14%
Zagreb . M
14%
Ljubljana . W
13%
Muscat .
13%
Prague .
12%
San Marino . H
10%
No matching quizzes found
Score Distribution
Percent of People with Each Score
Percentile by Number Answered
Your Score History
You have not taken this quiz